Tyson Fury - Pro Boxing Opponents - Statistics

General Stats
  • This quiz has been taken 53 times
  • The average score is 12 of 37
Answer Stats
Date W/L/D Opponent % Correct
21/12/24 LOSS - U/DEC - R12 [WC] Oleksandr Usyk
96%
18/05/24 LOSS - S/DEC - R12 [WC] Oleksandr Usyk
96%
09/10/21 WIN - KO - R11 [WC] Deontay Wilder
91%
22/02/20 WIN - RTD - R7 [WC] Deontay Wilder
91%
01/12/18 DRAW - S/DEC - R12 [WC] Deontay Wilder
91%
03/12/22 WIN - TKO - R10 [WC] Derek Chisora
80%
29/11/14 WIN - RTD - R10 [C] Derek Chisora
80%
23/07/11 WIN - DEC - R12 [C] Derek Chisora
80%
28/11/15 WIN - U/DEC - R12 [WC] Wladimir Klitschko
78%
23/04/22 WIN - KO - R6 [WC] Dillian Whyte
76%
28/10/23 WIN - S/DEC - R10 Francis Ngannou
72%
14/09/19 WIN - U/DEC - R12 Otto Wallin
61%
15/06/19 WIN - TKO - R2 Tom Schwarz
30%
20/04/13 WIN - KO - R7 Steve Cunningham
26%
09/06/18 WIN - RTD - R4 Sefer Seferi
24%
01/12/12 WIN - U/DEC - R12 Kevin Johnson
22%
25/06/10 WIN - TKO - R9 [C] Jon McDermott
17%
11/09/09 WIN - DEC - R10 [C] Jon McDermott
17%
18/08/18 WIN - DEC - R10 Francesco Pianeta
15%
28/02/15 WIN - RTD - R8 [C] Christian Hammer
13%
14/04/12 WIN - TKO - R5 [C] Martin Rogan
9%
15/02/14 WIN - TKO - R4 Joey Abell
4%
19/02/11 WIN - TKO - R5 Marcelo Nascimento
4%
17/09/11 WIN - TKO - R5 Nicolai Firtha
2%
07/07/12 WIN - TKO - R5 [C] Vinny Maddalone
2%
18/07/09 WIN - TKO - R3 Aleksandrs Selezens
0%
06/11/08 WIN - TKO - R1 Bela Gyongyosi
0%
28/02/09 WIN - RTD - R2 Daniil Peretyatko
0%
05/03/10 WIN - TKO - R1 Hans-Joerg Blasko
0%
14/03/09 WIN - TKO - R4 Lee Swaby
0%
17/01/09 WIN - TKO - R3 Marcel Zeller
0%
11/04/09 WIN - TKO - R1 Mathew Ellis
0%
12/11/11 WIN - TKO - R3 [C] Neven Pajkic
0%
10/09/10 WIN - DEC - R8 Rich Power
0%
13/05/09 WIN - TKO - R2 Scott Belshaw
0%
26/09/09 WIN - DEC - R6 Tomas Mrazek
0%
18/12/10 WIN - U/DEC - R8 Zack Page
0%
No matching quizzes found
Score Distribution
Percent of People with Each Score
Percentile by Number Answered
Your Score History
You have not taken this quiz